| 000 | 00807nam a2200181 a 4500 | ||
|---|---|---|---|
| 008 | 170228s2014 ||||||||||||||||| || u | ||
| 020 | _a9781926648729 | ||
| 050 | _aRC 76 Jar | ||
| 100 | _aJarvis, Carolyn | ||
| 245 | 1 | 0 |
_aJarvis physical examination and health assessment .(2nd Ed.) _cWritten byCarolyn Jarvis and edited by Annette J.Browne,June Macdonald-Jenkins and Marian Luctkar-Flude |
| 250 | _a2nd ed. | ||
| 260 |
_aCanada: _bElsevier _c 2014 |
||
| 300 | _axvi, 891p.: ill. | ||
| 350 | _a68.19 | ||
| 650 | _aPHYSICAL DIAGNOSIS--HANDBOOKS, MANUALS, ETC | ||
| 650 | _aMEDICAL HISTORY TAKING--HANDBOOKS, MANUALS, ETC | ||
| 995 |
_aMEDICAL LIBRARY OPEN ACCESS _e903664 _FCBU-SCHOOL OF MEDICINE LIBRARY (Ndola) _I68.19 _jRC 76 Jar _M1 _UAVAILABLE _WMar 7, 2017 _y903664 _ZMedical Library Open Access Collection |
||
| 999 |
_c31867 _d31867 |
||